Sopaboba / (Registro nro. 3533)

Detalles MARC
000 -LEADER
fixed length control field 01289nam a2200253Ia 4500
003 - CONTROL NUMBER IDENTIFIER
control field OSt
005 - DATE AND TIME OF LATEST TRANSACTION
control field 20250711141037.0
008 - FIXED-LENGTH DATA ELEMENTS--GENERAL INFORMATION
fixed length control field 191128s2012 ck a gr 000 f spa d
020 ## - INTERNATIONAL STANDARD BOOK NUMBER
International Standard Book Number 9789584231390
040 ## - CATALOGING SOURCE
Original cataloging agency CO-JMCR
Transcribing agency CO-JMCR
041 ## - LANGUAGE CODE
Language code of text/sound track or separate title spa
082 04 - DEWEY DECIMAL CLASSIFICATION NUMBER
Classification number N
Item number ALOs
100 1# - MAIN ENTRY--PERSONAL NAME
Personal name Alonso, Fernando,
Dates associated with a name 1941
Relator term autor
9 (RLIN) 2201
245 10 - TITLE STATEMENT
Title Sopaboba /
Statement of responsibility, etc. Fernando Alonso; ilustraciones Tino Gatagán
260 ## - PUBLICATION, DISTRIBUTION, ETC.
Place of publication, distribution, etc. Bogotá :
Name of publisher, distributor, etc. Editorial Planeta,
Date of publication, distribution, etc. 2012
300 ## - PHYSICAL DESCRIPTION
Extent 120 páginas ;
Other physical details ilustaciones blanco y negro :
Dimensions 20 cm.
490 0# - SERIES STATEMENT
Series statement Planeta lector rojo
500 ## - GENERAL NOTE
General note Incluye datos bibiograficos del autor. Recomendado para niños desde los 10 años.
505 ## - FORMATTED CONTENTS NOTE
Formatted contents note La sopa boba -- El pie izquierdo de don Manuel -- Buenod días, don Manuel -- En el fragor de la batalla -- El plan -- Del rojo al banco, pasando por el violeta -- El traslado -- Dos piedras que chocaban -- Telediario, segunda edición
520 ## - SUMMARY, ETC.
Summary, etc. Don Manuel es un maestro un poco aguafiestas y pusilánime, y Juanito, un alumno agobiado por las tareas escolares. Sus vidas se cruzan el primer día de clase y ocurre algo insólito. Gracias a una receta culinaria, consiguen resolver sus problemas en el au
650 14 - SUBJECT ADDED ENTRY--TOPICAL TERM
Topical term or geographic name entry element Novela didáctica
9 (RLIN) 6301
700 ## - ADDED ENTRY--PERSONAL NAME
Personal name Gatagán, Tino,
Relator term ilustrador
9 (RLIN) 6302
942 ## - ADDED ENTRY ELEMENTS (KOHA)
Source of classification or shelving scheme Dewey Decimal Classification
Koha item type Books
Existencias
Withdrawn status Lost status Source of classification or shelving scheme Materials specified (bound volume or other part) Damaged status Not for loan Collection code Home library Current library Date acquired Source of acquisition Cost, normal purchase price Total Checkouts Full call number Barcode Date last seen Date last checked out Copy number Koha item type
    Dewey Decimal Classification Donación -- 30/05/2018 --     Fiction Biblioteca Pública José María del Castillo y Rada Biblioteca Pública José María del Castillo y Rada 11/28/2019 Donación 0.00 3 N ALOs 201807395 03/31/2026 03/31/2026 Ej.1 Books